The Philippine history and government / (Record no. 72348)
[ view plain ]
| 000 -LEADER | |
|---|---|
| fixed length control field | 00675nam a22002417i 4500 |
| 003 - CONTROL NUMBER IDENTIFIER | |
| control field | URS |
| 005 - DATE AND TIME OF LATEST TRANSACTION | |
| control field | 20230817125824.0 |
| 008 - FIXED-LENGTH DATA ELEMENTS--GENERAL INFORMATION | |
| fixed length control field | 170417b xxu||||| |||| 00| 0 eng d |
| 040 ## - CATALOGING SOURCE | |
| Language of cataloging | eng |
| Transcribing agency | URS |
| 041 ## - LANGUAGE CODE | |
| Language code of text/sound track or separate title | eng |
| 050 ## - LIBRARY OF CONGRESS CALL NUMBER | |
| Classification number | DS668 |
| Item number | .Z193 1980 |
| 100 1# - MAIN ENTRY--PERSONAL NAME | |
| Personal name | Zaide, Gregorio F. |
| Relator term | author. |
| 245 14 - TITLE STATEMENT | |
| Title | The Philippine history and government / |
| Statement of responsibility, etc. | Gregorio F. Zaide. |
| 250 ## - EDITION STATEMENT | |
| Edition statement | Rev. ed. |
| 264 #1 - PRODUCTION, PUBLICATION, DISTRIBUTION, MANUFACTURE, AND COPYRIGHT NOTICE | |
| Place of production, publication, distribution, manufacture | Manila : |
| Name of producer, publisher, distributor, manufacturer | The Modern Book, |
| Date of production, publication, distribution, manufacture, or copyright notice | ©1980. |
| 300 ## - PHYSICAL DESCRIPTION | |
| Extent | xiii, 655 pages ; |
| Other physical details | 22 cm. |
| 336 ## - CONTENT TYPE | |
| Content type term | text |
| Content type code | txt |
| Source | rdacontent |
| 337 ## - MEDIA TYPE | |
| Media type term | unmediated |
| Media type code | n |
| Source | rdamedia |
| 338 ## - CARRIER TYPE | |
| Carrier type term | volume |
| Carrier type code | nc |
| Source | rdacarrier |
| 651 #0 - SUBJECT ADDED ENTRY--GEOGRAPHIC NAME | |
| Geographic name | Philippines |
| General subdivision | History. |
| 942 ## - ADDED ENTRY ELEMENTS (KOHA) | |
| Source of classification or shelving scheme | Library of Congress Classification |
| Koha item type | Filipiniana |
| Withdrawn status | Source of classification or shelving scheme | Damaged status | Not for loan | Collection code | Home library | Current library | Shelving location | Date acquired | Total Checkouts | Full call number | Barcode | Date last seen | Date last checked out | Price effective from | Koha item type |
|---|---|---|---|---|---|---|---|---|---|---|---|---|---|---|---|
| Library of Congress Classification | Non-fiction | Tanay College Library | Tanay College Library | General Stacks | 04/17/2017 | 2 | DS668 .Z193 1980 | URSTAN-D1144 | 01/09/2020 | 01/06/2020 | 04/17/2017 | Filipiniana |